00750 2200193 4500001002100000005001500021035002000036007000300056008003900059082000800098084001600106100004000122245025300162260004500415300003100460600002300491856002600514990001600540INLIS00000000000382320240918011721 a0010-0521000296ta240918 | | |  a510 aR 510 ALI p0 aAli Akbar Rafsanjani M / 12842020201 aPeningkatan Kemampuan Penalaran Induktif Matematik, Pokok Bahasan Barisan dan Deret Bilangan melalui Model Pembelajaran Kooperatif Tipe Group Investigation pada Siswa Kelas IX SMP Unggulan Darussalam Barandasi /cAli Akbar Rafsanjani M / 1284202020 aMaros :bUniversitas Muslim Maros,c2016 a153 hlm :bIlus ;c28.5 cm 4aModel Pembelajaran aPendidikan Matematika a00000004781